Finančný trh nástroje, transakcie, inštitúcie

Na minha lista:
Detalhes bibliográficos
Autor principal: Chovancová, Božena
Outros Autores: Jankovská, Anežka, Malacká, Viera, Kotlebová, Jana, 1969-, Demjan, Valér, Trúchly, Peter
Formato: Livro
Idioma:eslovaco
Publicado em: Bratislava IURA EDITION 2006
Colecção:Ekonómia
Assuntos:
Tags: Adicionar Tag
Sem tags, seja o primeiro a adicionar uma tag!

MARC

LEADER 00000nam$a2200000$$$4500
001 0050630
005 20240502071600.9
020 |a 80-8078-089-7 
041 0 |a slo 
044 |a SK 
245 1 0 |a Finančný trh  |b nástroje, transakcie, inštitúcie  |c Chovancová Božena a kol. 
264 1 |a Bratislava  |b IURA EDITION  |c 2006 
300 |a 611 s. 
490 1 |a Ekonómia 
830 0 |a Ekonómia 
610 2 0 |a trh finančný 
610 2 0 |a nástroje finančné 
610 2 0 |a inštitúcie verejnoprávne 
610 2 0 |a investovanie 
610 2 0 |a trh peňažný 
610 2 0 |a trh devízový 
610 2 0 |a trh kapitálový 
610 2 0 |a deriváty 
610 2 0 |a sprostredkovatelia 
610 2 0 |a financie 
610 2 0 |a banky 
610 2 0 |a burzy 
100 1 |a Chovancová, Božena 
700 1 |a Jankovská, Anežka 
700 1 |a Malacká, Viera 
700 1 |a Kotlebová, Jana, 1969- 
700 1 |a Demjan, Valér 
700 1 |a Trúchly, Peter